01113nam a2200265 a 4500001001000000003000900010005001700019007001000036008004100046020001800087040002200105082001700127100003900144245016800183260004500351300003500396500010800431504007300539504003700612600003700649650002800686651004100714651006300755700002900818000006848DO-SdBNP20180214103005.0000006848090903s2009 dr ab 001 0 spa d z9789945452120 aBPMSUbspacBPMSU a923.5bC525o1 aOrtega Chestaro, V. Amaury,d1980-10aCoronel Fabio Chestaro Mejía :bvida de un valiente militar en las gestas de junio y abril /cV. Amaury Ortega Chestaro ; corrección Pedro José Cruz Frías. aSanto Domingo :bEl Nuevo Diario,c2009. a251 p. :bil., mapa. ;c22 cm. aEn la cubierta: "La trascendencia marcada de un héroe. El glorioso principio del fin de la dictadura" aIncluye referencias bibliográficas y notas al pie de las páginas aIncluye bibliografía (221-222)14aCHESTARO MEJIA, FABIOd1918-1982 4aMILITARESxBIOGRAFÍAS 4aREPÚBLICA DOMINICANAxBIOGRAFÍAS 4aREPÚBLICA DOMINICAxHISTORIAyERA DE TRUJILLO, 1930-19611 aCruz Frias, Pedro José